000 00336nam a2200133Ia 4500
008 240624s9999 xx 000 0 und d
041 _aeng
082 _a338.9 AKK
100 _aAKKUCUK ULAS
245 _aDEVELOPING SUSTAINABLE VALUE IN ECONOMIC
260 _c2015
_aUSA
_bIGI Global
300 _axxx, 550 p.; 26 cm.
365 _c
_b30
999 _c30262
_d30262